Регионална библиотека "Любен Каравелов" - Русе

Тайните на Георги Парцалев (Запис номер 81539)

MARC детайли
000 -Лидер
Контролно поле с фиксирана дължина 01858nam a2200421 c 4500
003 - Код на организацията, давaща контролен номер
Контролно поле BLK
005 - Дата и час на последна редакция
Контролно поле 20241130094207.0
008 - Елементи от данни с фиксирана дължина
fixed length control field 180408b bul|||||r ||||||| ||bul||
010 ## - Наследен системен номер
LC control number KNG00086043000
020 ## - Международен стандартен номер на книга ISBN
Международен стандартен номер на книга ISBN 978-954-340-113-0
-- издат.: Милениум
040 ## - Източник на каталожния запис
Идентификатор на билиотеката - собственик на записа BLK
041 ## - Код за език
Код за езика на текст/звукозапис или на отделно заглавие Български
Код за езика КДБФ Български
080 ## - УДК
Текстов определител УДК Българска литература
УДК код - определител по УДК 821.163.2
УДК определител -94
УДК - код + определител 821.163.2-94
080 ## - УДК
Текстов определител УДК Актьори, театрални
УДК код - определител по УДК 792.071.2
УДК определител (497.2)(092)
УДК - код + определител 792.071.2(497.2)(092)
080 ## - УДК
Текстов определител УДК Киноактьори
УДК код - определител по УДК 791.44.071.2
УДК определител (497.2)(092)
УДК - код + определител 791.44.071.2(497.2)(092)
080 ## - УДК
Текстов определител УДК Български актьор
УДК код - определител по УДК 929 Парцалев, Георги Иванов
УДК определител
УДК - код + определител 929 Парцалев, Георги Иванов
100 1# - Редна дума - Автор
Автор Иванова, Ивайла
Авторска отговорност първи автор
R(LIN) 299009
139 ## - Редно поле
Редна дума Иванова, Ивайла
Авторски знак Иванова - И 22
245 10 - Сведения за заглавието
Заглавие Тайните на Георги Парцалев
Редно поле (дума) Ивайла Иванова.
257 ## - Страна на издаване
Страна на създаване/издаване България
260 ## - Област на издателските данни
-- София
Име на издателя, разпространителя и проч. Милениум
Година на издаване 2008
Печатница София : Мултипринт
300 ## - Физическа характеристика
Страници 168 с.
Размери/Мащаб 20 см
380 ## - Жанр
Жанр Худож. лит.
500 ## - Общи забележки
Забележка Офс. изд. - Филмография : 58 роли в Сатиричния и телевизионния театър ; Библиогр. с. 166.
590 ## - Забележки на библиотеката, притежаваща документа (RLIN)
Служебно ф
600 14 - Име на лице, използвано като предмет
За него / За нея Парцалев, Георги Иванов
9 (RLIN) 267570
650 #4 - Допълнително описание по предмет – тема
Основно описание – тема или топоним Артисти, български
9 (RLIN) 255582
650 #4 - Допълнително описание по предмет – тема
Основно описание – тема или топоним Парцалев, Георги Иванов
9 (RLIN) 267570
653 ## - Ключова дума – ненормативна
Ключова дума български артисти
653 ## - Ключова дума – ненормативна
Ключова дума Георги Парцалев
653 ## - Ключова дума – ненормативна
Ключова дума биографии
852 ## - Местоположение
Форматна сигнатура Цб 241626
856 4# - Електронен адрес и достъп
Електронен формат pdf - файл
Път до файла /url/
856 4# - Електронен адрес и достъп
Електронен формат pdf - файл
Път до файла /url/
942 ## - АРТИКУЛИ
Вид на библиотечния материал Книги
Скрит в OPAC Не
Koha issues (borrowed), all copies 51
944 ## - СЪЗДАВАНЕ И РЕДАКЦИЯ на ЗАПИСА
Създаване/Редакция Създаване
Дата на регистрацията/редакция 27.10.2008
Статус, дата на статуса Ивелин Русев
Служител, извършил регистрацията/редакцията 30563
944 ## - СЪЗДАВАНЕ И РЕДАКЦИЯ на ЗАПИСА
Създаване/Редакция Редакция
Дата на регистрацията/редакция 28.04.2015
Статус, дата на статуса ф /
Служител, извършил регистрацията/редакцията Пенка_Димитрова
999 ## - СИСТЕМНИ КОНТРОЛНИ НОМЕРА
Koha biblionumber 81539
Koha biblioitemnumber 81539
Наличности
Код за отписване Код за изгубен артикул Код за повреда Коз за рестрикции Код за отдаване Артикулен № Име на библиотеката - собственик Име на библиотеката, в която се намира в момента Статус (Текущо местоположение) Дата на вписване в системата Местоположение - отдел Цена в лева Инвентарен номер Систематично азбучна сигнатура Баркод Номер на екземпляра Цена в евро Служебна бележка Служебен тип на артикула
  Не е изгубен Не е повреден без рестрикции заемане за дома 132382 Регионална библиотека "Любен Каравелов" Русе Регионална библиотека "Любен Каравелов" Русе Заемна - подръчен фонд 2008-10-27 Заемна - подръчен фонд 7.00 120000730830 П 886.7-9/И 22 120000730830 1 3.58 Дост: Pk Вид: Ф N: 266 Дата: 09.10.2008 Дата инв: 15.02.2018 Бележки инв: П2018 Книги
  Не е изгубен Не е повреден без рестрикции ползва се в читалня 132383 Регионална библиотека "Любен Каравелов" Русе Регионална библиотека "Любен Каравелов" Русе Хранилище 2009-06-22 Хранилище 7.00 120000736306 Цб 241626 120000736306 2 3.58 Дост: Dp Вид: Д N: 3 Дата: 05.01.2009 Книги
  Не е изгубен Не е повреден без рестрикции заемане за дома 132384 Регионална библиотека "Любен Каравелов" Русе Регионална библиотека "Любен Каравелов" Русе Заемна - подръчен фонд 2015-04-27 Заемна - подръчен фонд 7.00 120000787594 П 886.7-9/И 22 120000787594 3 3.58 Дост: DA Вид: А N: 7 Дата: 27.04.2015 Дата инв: 13.02.2018 Бележки инв: П2018 Книги
Vip Innovations Ltd, Rousse, Bulgaria 2025